000 00432nam a22001697a 4500
003 MPLRDC
005 20220104144447.0
008 210129b ||||| |||| 00| 0 eng d
082 _a628.1 ZGJ
100 _a张国淦编著
245 _a辛亥革命史料
_c
250 _a一版一刷
260 _a
_b龙门联合书局
_c1958
300 _b
650 _a中国现代史; 民国史--辛亥革命
942 _cBK
_o628.1 ZGJ
999 _c49821
_d49811